Relative reinforcer rates and magnitudes do not control concurrent choice independently /
Đã lưu trong:
| 主要作者: | |
|---|---|
| 其他作者: | , |
| 格式: | Bài viết |
| 語言: | English |
| 主題: | |
| 標簽: |
添加標簽
沒有標簽, 成為第一個標記此記錄!
|
| Thư viện lưu trữ: | Thư viện Trường Đại học Đà Lạt |
|---|
| LEADER | 01039nam a2200337 4500 | ||
|---|---|---|---|
| 001 | DLU090098749 | ||
| 005 | ##20091201 | ||
| 040 | # | # | |a DLU |b eng |
| 041 | # | # | |a eng |
| 044 | # | # | |a us |
| 100 | # | # | |a Elliffe, Douglas. |
| 245 | # | # | |a Relative reinforcer rates and magnitudes do not control concurrent choice independently / |c Douglas Elliffe, Michael Davison, Jason Landon. |
| 653 | # | # | |a Choice |
| 653 | # | # | |a Concurrent schedules |
| 653 | # | # | |a Generalized matching |
| 653 | # | # | |a Key peck |
| 653 | # | # | |a Pigeons |
| 653 | # | # | |a Reinforcer magnitude |
| 653 | # | # | |a Reinforcer rate |
| 700 | # | # | |a Davison, Michael. |
| 700 | # | # | |a Landon, Jason. |
| 773 | # | # | |t Journal of the Experimental Analysis of Behavior |g Vol. 90, no. 2 (September 2008), p. 169-186 |
| 920 | # | # | |a Phòng Tạp chí -- Trung tâm Thông tin - Thư viện Trường Đại học Đà Lạt |
| 994 | # | # | |a DLU |
| 900 | # | # | |a True |
| 911 | # | # | |a Trương Bảo Trâm Anh |
| 925 | # | # | |a G |
| 926 | # | # | |a A |
| 927 | # | # | |a BB |
| 980 | # | # | |a Thư viện Trường Đại học Đà Lạt |